Sports Quiz

Random Sports or Soccer Quiz
Score 0/180 Timer 20:00
0 Plays Today
Hint Answer % Correct
Ipswich Town 79-80Bobby Robson
90.2%
Manchester United 81-82Bryan Robson
90.2%
Manchester United 82-83Bryan Robson
90.2%
Crystal Palace 90-91Ian Wright
88.2%
Tottenham Hotspurs 89-90Gary Lineker
87.3%
Nottingham Forest 87-88Des Walker
84.3%
Nottingham Forest 88-89Des Walker
84.3%
Norwich City 92-93Mike Walker
84.3%
Tottenham Hotspur 84-85Glenn Hoddle
82.4%
Tottenham Hotspur 86-87Glenn Hoddle
82.4%
Newcastle United 93-94Kevin Keegan
82.4%
Tottenham Hotspurs 89-90Paul Gascoigne
81.4%
Newcastle United 93-94Rob Lee
81.4%
Nottingham Forest 83-84Brian Clough
79.4%
Tottenham Hotspur 86-87Chris Waddle
79.4%
Nottingham Forest 87-88Stuart Pearce
79.4%
Nottingham Forest 87-88Nigel Clough
79.4%
Nottingham Forest 87-88Brian Clough
79.4%
Nottingham Forest 88-89Stuart Pearce
79.4%
Nottingham Forest 88-89Nigel Clough
79.4%
Nottingham Forest 88-89Brian Clough
79.4%
Newcastle United 93-94Andy Cole
79.4%
Arsenal 80-81Pat Jennings
78.4%
Newcastle United 93-94Pavel Srníček
78.4%
Newcastle United 93-94Peter Beardsley
75.5%
Crystal Palace 90-91Nigel Martyn
74.5%
Crystal Palace 90-91Mark Bright
74.5%
Norwich City 92-93Chris Sutton
74.5%
Nottingham Forest 87-88Steve Sutton
73.5%
Nottingham Forest 88-89Steve Sutton
73.5%
Arsenal 80-81David O'Leary
71.6%
Nottingham Forest 83-84Viv Anderson
71.6%
Tottenham Hotspur 84-85Ray Clemence
71.6%
Tottenham Hotspur 86-87Ray Clemence
71.6%
Crystal Palace 90-91Geoff Thomas
71.6%
Sheffield Wednesday 91-92Chris Woods
71.6%
Sheffield Wednesday 91-92Trevor Francis
71.6%
Manchester United 81-82Ron Atkinson
70.6%
Manchester United 82-83Ron Atkinson
70.6%
Tottenham Hotspur 86-87Gary Mabbutt
70.6%
Tottenham Hotspur 86-87Mitchell Thomas
70.6%
Tottenham Hotspurs 89-90Gary Mabbutt
70.6%
Tottenham Hotspurs 89-90Mitchell Thomas
70.6%
Tottenham Hotspur 84-85Graham Roberts
69.6%
Norwich City 92-93Bryan Gunn
69.6%
Norwich City 92-93Ruel Fox
68.6%
Manchester United 81-82Ray Wilkins
65.7%
Manchester United 81-82Steve Coppell
65.7%
Manchester United 82-83Steve Coppell
65.7%
Crystal Palace 90-91Steve Coppell
65.7%
Sheffield Wednesday 91-92David Hirst
65.7%
Ipswich Town 79-80Arnold Mühren
64.7%
Ipswich Town 79-80John Wark
64.7%
Manchester United 82-83Arnold Mühren
64.7%
Tottenham Hotspur 86-87Clive Allen
64.7%
Manchester United 82-83Norman Whiteside
63.7%
Tottenham Hotspur 86-87Paul Allen
63.7%
Tottenham Hotspurs 89-90Erik Thorstvedt
63.7%
Tottenham Hotspurs 89-90Paul Allen
63.7%
Arsenal 80-81Frank Stapleton
62.7%
Hint Answer % Correct
Manchester United 81-82Frank Stapleton
62.7%
Manchester United 82-83Frank Stapleton
62.7%
Tottenham Hotspurs 89-90Terry Venables
62.7%
Newcastle United 93-94Lee Clark
61.8%
Ipswich Town 79-80Terry Butcher
60.8%
Manchester United 81-82Gary Bailey
60.8%
Manchester United 82-83Gary Bailey
60.8%
Tottenham Hotspur 84-85Gary Stevens
59.8%
Tottenham Hotspur 86-87Gary Stevens
59.8%
Sheffield Wednesday 91-92Roland Nilsson
59.8%
Newcastle United 93-94Steve Watson
59.8%
Arsenal 80-81Willie Young
58.8%
Crystal Palace 90-91Eric Young
58.8%
Ipswich Town 79-80Mick Mills
57.8%
Nottingham Forest 87-88Terry Wilson
57.8%
Nottingham Forest 88-89Terry Wilson
57.8%
Sheffield Wednesday 91-92Nigel Worthington
57.8%
Sheffield Wednesday 91-92Danny Wilson
57.8%
Manchester United 81-82Arthur Albiston
56.9%
Manchester United 82-83Arthur Albiston
56.9%
West Ham United 85-86Tony Cottee
56.9%
Arsenal 80-81Kenny Sansom
55.9%
Tottenham Hotspur 84-85Paul Miller
55.9%
West Ham United 85-86Alvin Martin
55.9%
West Ham United 85-86Ray Stewart
55.9%
Tottenham Hotspurs 89-90Paul Stewart
55.9%
Newcastle United 93-94John Beresford
55.9%
Ipswich Town 79-80Paul Cooper
53.9%
Arsenal 80-81Graham Rix
53.9%
Tottenham Hotspur 84-85Chris Hughton
53.9%
Nottingham Forest 87-88Steve Chettle
53.9%
Nottingham Forest 88-89Steve Chettle
53.9%
Norwich City 92-93Mark Robins
53.9%
Nottingham Forest 87-88Neil Webb
52.9%
Nottingham Forest 88-89Neil Webb
52.9%
Manchester United 81-82Kevin Moran
52%
Manchester United 81-82Garry Birtles
52%
Manchester United 82-83Kevin Moran
52%
Nottingham Forest 83-84Garry Birtles
52%
Nottingham Forest 88-89Garry Parker
52%
Nottingham Forest 83-84Steve Hodge
51%
Nottingham Forest 88-89Steve Hodge
51%
Ipswich Town 79-80Paul Mariner
50%
Nottingham Forest 83-84Colin Walsh
50%
Tottenham Hotspurs 89-90Paul Walsh
50%
Norwich City 92-93Jeremy Goss
50%
Manchester United 82-83Gordon McQueen
49%
Crystal Palace 90-91Andy Gray
49%
Sheffield Wednesday 91-92Carlton Palmer
49%
West Ham United 85-86Frank McAvennie
48%
Nottingham Forest 87-88Brian Rice
48%
Tottenham Hotspurs 89-90Pat van den Hauwe
48%
Nottingham Forest 83-84Hans van Breukelen
47.1%
Norwich City 92-93Ian Crook
47.1%
Arsenal 80-81Alan Sunderland
46.1%
Arsenal 80-81Terry Neill
46.1%
Manchester United 81-82Michael Duxbury
46.1%
Manchester United 82-83Michael Duxbury
46.1%
Manchester United 82-83Remi Moses
46.1%
Tottenham Hotspur 86-87David Pleat
46.1%
Hint Answer % Correct
Nottingham Forest 87-88Paul Wilkinson
44.1%
Sheffield Wednesday 91-92Nigel Pearson
44.1%
Sheffield Wednesday 91-92Paul Williams
44.1%
Norwich City 92-93Ian Culverhouse
44.1%
Norwich City 92-93Mark Bowen
44.1%
Newcastle United 93-94Barry Venison
44.1%
Ipswich Town 79-80Frans Thijssen
43.1%
Ipswich Town 79-80Alan Brazil
43.1%
Tottenham Hotspur 84-85Garth Crooks
43.1%
Crystal Palace 90-91John Salako
43.1%
Tottenham Hotspurs 89-90David Howells
42.2%
Manchester United 81-82Martin Buchan
41.2%
Tottenham Hotspur 84-85Steve Perryman
40.2%
Tottenham Hotspur 86-87Nico Claesen
40.2%
West Ham United 85-86John Lyall
39.2%
Nottingham Forest 83-84Ian Bowyer
38.2%
West Ham United 85-86Mark Ward
38.2%
West Ham United 85-86Alan Devonshire
38.2%
Sheffield Wednesday 91-92John Sheridan
38.2%
Norwich City 92-93David Phillips
38.2%
West Ham United 85-86Phil Parkes
37.3%
Nottingham Forest 88-89Lee Chapman
37.3%
Tottenham Hotspur 84-85Tony Galvin
36.3%
Tottenham Hotspur 84-85Mark Falco
36.3%
Tottenham Hotspur 86-87Richard Gough
36.3%
Tottenham Hotspur 86-87Tony Galvin
36.3%
Ipswich Town 79-80George Burley
35.3%
Nottingham Forest 83-84Chris Fairclough
35.3%
Tottenham Hotspur 84-85Peter Shreeves
35.3%
Norwich City 92-93Ian Butterworth
35.3%
Nottingham Forest 83-84Peter Davenport
34.3%
Nottingham Forest 87-88Franz Carr
34.3%
Tottenham Hotspurs 89-90Steve Sedgley
34.3%
Nottingham Forest 83-84Paul Hart
33.3%
Nottingham Forest 88-89Brian Laws
33.3%
Crystal Palace 90-91Richard Shaw
33.3%
Newcastle United 93-94Scott Sellars
33.3%
Ipswich Town 79-80Russell Osman
32.4%
Ipswich Town 79-80Eric Gates
32.4%
Arsenal 80-81Brian Talbot
31.4%
Manchester United 81-82John Gidman
31.4%
Crystal Palace 90-91Eddie McGoldrick
31.4%
Sheffield Wednesday 91-92Phil King
30.4%
Arsenal 80-81John Hollins
28.4%
Arsenal 80-81John Devine
26.5%
Tottenham Hotspur 84-85John Chiedozie
26.5%
Crystal Palace 90-91Andy Thorn
26.5%
Newcastle United 93-94Kevin Scott
26.5%
Newcastle United 93-94Paul Bracewell
26.5%
West Ham United 85-86Tony Gale
25.5%
Nottingham Forest 83-84Kenny Swain
22.5%
West Ham United 85-86Alan Dickens
21.6%
West Ham United 85-86Neil Orr
20.6%
West Ham United 85-86Steve Walford
19.6%
Arsenal 80-81Steve Gatting
18.6%
Nottingham Forest 83-84Steve Wigley
17.6%
Nottingham Forest 87-88Colin Foster
16.7%
Sheffield Wednesday 91-92Paul Warhurst
16.7%
Norwich City 92-93John Polston
16.7%
Crystal Palace 90-91John Humphrey
12.7%

You're not logged in!

Compare scores with friends on all Sporcle quizzes.
OR
Log In

Sporcle TV

Today on Sporcle TV


Watch our educational content, quiz creation guides, and fun videos on Sporcle TV.

Show Comments

Extras

Top Quizzes Today


Score Distribution

Paid Content

Your Account Isn't Verified!

In order to create a playlist on Sporcle, you need to verify the email address you used during registration. Go to your Sporcle Settings to finish the process.

Report this User

Report this user for behavior that violates our Community Guidelines.

Details: